Statistics for Top 500 Baby Girl Names of 2018-USA

Click here to take the quiz!

General Stats

  • This quiz has been taken 2,295 times
  • The average score is 236 of 500

Answer Stats

Rank Hint Answer % Correct
1EEmma
96%
2OOlivia
96%
227AAlivia
96%
54AAnna
93%
215AAna
93%
139IIsabel
91%
113IIsabelle
90%
12EEmily
90%
485EEmely
89%
131EEliza
88%
15EElla
88%
5SSophia
88%
17SSofia
88%
126MMary
87%
173SSara
86%
67SSarah
86%
380EElle
86%
4IIsabella
86%
3AAva
85%
13EElizabeth
85%
260IIzabella
85%
462AAvah
85%
33HHannah
85%
161LLilly
84%
112KKatherine
84%
6CCharlotte
84%
31LLily
84%
477EEmelia
83%
58EEmilia
83%
116MMaria
83%
453KKathryn
83%
204CCatherine
83%
7MMia
83%
8AAmelia
83%
123RRose
82%
21VVictoria
82%
442EEve
82%
24GGrace
81%
29ZZoey
80%
312JJessica
80%
22MMadison
80%
40ZZoe
80%
406MMaddison
80%
135KKhloe
79%
90AAlexa
79%
25CChloe
79%
198RRachel
78%
345JJennifer
78%
98SSophie
78%
246LLia
77%
296LLeia
77%
75EEva
77%
340LLaura
77%
93JJulia
77%
41LLeah
77%
205AAmy
76%
60SSamantha
76%
37EEllie
75%
11AAbigail
75%
171LLauren
74%
449KKatie
74%
119AArya
73%
71AAlice
73%
19AAria
73%
343AAriah
73%
348AAriyah
73%
10EEvelyn
73%
51LLucy
73%
350AAllie
73%
39NNatalie
72%
69AAllison
72%
400AAlison
72%
337EEvelynn
72%
285KKate
72%
439CChristina
71%
291JJane
71%
129AAshley
71%
48BBella
71%
125AAlexandra
71%
214RRebecca
70%
55CCaroline
69%
9HHarper
69%
26PPenelope
69%
34LLillian
68%
158MMolly
68%
43VViolet
68%
369AAmanda
67%
218NNicole
67%
368AAngel
67%
308AAnnie
67%
16AAvery
66%
297MMelissa
66%
415AAverie
66%
121TTaylor
66%
30NNora
66%
72MMadelyn
65%
376MMadeleine
65%
140NNorah
65%
487MMadelynn
65%
255HHope
65%
68AAriana
65%
328MMadilyn
65%
95AArianna
65%
100MMadeline
65%
223GGeorgia
64%
27LLayla
64%
179AAlexis
64%
385HHaley
64%
145RRyleigh
64%
28RRiley
64%
170KKimberly
64%
335RRylie
64%
49CClaire
64%
102RRylee
64%
79HHailey
64%
124KKylie
63%
447KKylee
63%
122FFaith
63%
182LLaila
63%
270OOlive
63%
413HHelen
63%
382DDanielle
63%
238LLeila
63%
263MMichelle
62%
61MMaya
61%
471AAmber
61%
132BBrianna
61%
184DDiana
61%
74RRuby
61%
318SStephanie
61%
111JJade
61%
103CClara
61%
82IIsla
61%
96VVivian
61%
35AAddison
61%
304MMillie
61%
421EErin
61%
127MMargaret
61%
32EEleanor
61%
86IIvy
60%
391AAlicia
60%
105MMelanie
60%
169DDaisy
60%
14MMila
60%
62WWillow
60%
136JJasmine
60%
325GGabriela
60%
283MMyla
60%
141AAnnabelle
60%
357VVeronica
60%
70GGabriella
60%
197MMya
60%
496DDayana
60%
46AAudrey
59%
230VVanessa
59%
239LLola
59%
20SScarlett
59%
405SScarlet
59%
149KKayla
59%
445FFrances
58%
481BBethany
58%
110AAubree
57%
156VValerie
57%
36AAubrey
57%
475AAbby
57%
264AAngela
57%
265RRuth
56%
73CCora
56%
202AAlaina
56%
272EElaina
56%
66EElena
56%
151JJuliana
56%
236AAlayna
56%
237JJulianna
56%
253ZZara
56%
45SSavannah
56%
219BBrooklynn
55%
302CCamilla
55%
423JJenna
55%
267KKamila
55%
268VVivienne
55%
319NNina
55%
191GGracie
55%
241JJune
55%
251AAda
55%
114NNatalia
55%
134AAndrea
55%
153EEsther
55%
47BBrooklyn
55%
18CCamila
55%
242JJuliet
54%
203MMckenzie
54%
128LLyla
54%
287LLilah
54%
195DDaniela
54%
224LLila
54%
317MMakenzie
54%
185JJuliette
54%
91JJosephine
54%
370DDaniella
54%
106MMackenzie
54%
375JJordan
53%
154AAriel
53%
226AAdelyn
53%
359AAddilyn
53%
321AArielle
53%
355JJoy
53%
108AAdalynn
53%
316AAdelynn
53%
144AAdalyn
53%
78AAdeline
53%
166JJordyn
53%
233AAngelina
53%
201BBrooke
53%
465MMira
53%
199SSummer
53%
234AAdaline
53%
306GGabrielle
53%
38SStella
53%
491MMyra
53%
138IIris
53%
186SSienna
52%
64NNaomi
52%
271KKendall
52%
23LLuna
52%
476AApril
52%
152CCharlie
52%
459CCharleigh
51%
288CCharlee
51%
301LLena
51%
192JJosie
51%
222FFiona
51%
150AAlyssa
51%
77AAutumn
51%
89LLydia
51%
292MMaggie
51%
213PPaige
51%
282AAlexandria
50%
249SSelena
50%
87SSadie
50%
97KKaylee
49%
240AAdriana
49%
320PPhoebe
49%
94DDelilah
49%
414AAdrianna
49%
42HHazel
49%
133BBailey
48%
101PPeyton
48%
360LLana
48%
392SSerena
48%
425CCarolina
48%
470CChelsea
48%
257VVera
48%
500KKara
48%
164MMorgan
48%
220PPayton
48%
378KKira
47%
176EElise
47%
212JJoanna
47%
416SSkye
47%
200AAlana
47%
65AAaliyah
47%
137MMelody
47%
365KKeira
47%
84QQuinn
47%
336KKiara
47%
386GGia
47%
483CCarly
46%
280EElsie
46%
322EEvie
46%
252CCamille
46%
452SSierra
45%
467FFrancesca
45%
326PPaislee
44%
310LLilliana
44%
52PPaisley
44%
109LLiliana
44%
229GGemma
44%
190CCallie
44%
44AAurora
44%
278CCali
43%
274KKali
43%
497KKendra
43%
451KKayleigh
43%
404SSkyler
43%
160AAliyah
43%
50SSkylar
43%
275DDestiny
43%
142VValeria
43%
183LLucia
43%
88PPiper
42%
225HHarley
42%
266FFreya
42%
474NNia
42%
396JJada
42%
329PParis
42%
339JJacqueline
42%
188LLondyn
41%
59KKennedy
41%
245TTessa
41%
53EEverly
41%
174AArabella
41%
435KKennedi
41%
295LLucille
41%
180LLondon
41%
196EEverleigh
40%
298AAdelaide
40%
165SSydney
40%
401CCamryn
40%
464KKamryn
40%
354FFelicity
39%
167EEloise
39%
80GGianna
39%
99BBrielle
39%
208RRosalie
39%
342LLexi
39%
367MMiranda
39%
162PParker
39%
433CCarmen
38%
81VValentina
38%
146EEden
38%
458HHelena
38%
351HHeidi
38%
417KKelsey
38%
155CCecilia
38%
361CCassidy
38%
428MMikayla
37%
494EElianna
37%
85NNevaeh
37%
232MMakayla
37%
83EEliana
37%
187EElliana
37%
194JJocelyn
37%
427SSabrina
36%
393NNadia
36%
460HHallie
36%
279BBlake
36%
148AAnastasia
36%
384WWilla
35%
247DDakota
35%
117AAthena
35%
482MMarlee
35%
403BBianca
35%
228NNoelle
35%
168TTrinity
35%
76SSerenity
34%
490SSylvia
34%
221MMarley
34%
107RReagan
34%
175HHarmony
34%
277EEvangeline
34%
258MMckenna
34%
333TTalia
34%
172GGenevieve
34%
261HHayden
33%
386KKaitlyn
33%
383DDaphne
33%
56NNova
33%
495HHattie
32%
420MMaliyah
32%
446JJimena
32%
438KKyla
32%
254MMalia
32%
143EEmerson
32%
118XXimena
32%
147EEmersyn
32%
130AAmaya
32%
284AAriella
32%
104HHadley
31%
341GGracelynn
31%
57GGenesis
31%
303MMiriam
31%
332GGracelyn
31%
330MMakenna
31%
157AAlina
31%
472EEmory
30%
92EEmery
30%
159RReese
30%
373OOphelia
30%
372GGwendolyn
30%
259BBriella
30%
244RRiver
30%
344FFatima
30%
211RRowan
30%
309LLogan
30%
189AAyla
30%
419KKensley
29%
193AAmara
29%
63KKinsley
29%
489MMatilda
29%
457EElisa
29%
243JJayla
29%
286MMariana
29%
273TThea
29%
300GGiselle
29%
364RRyan
29%
356KKenzie
29%
206PPresley
28%
307SSage
28%
426SShelby
28%
422VViviana
28%
163FFinley
28%
374HHeaven
28%
441CCeleste
28%
305BBrynn
27%
454RRosemary
27%
366HHarlow
27%
207JJournee
26%
217MMariah
26%
311HHaven
26%
231JJourney
26%
178TTeagan
26%
410DDahlia
26%
399AAinsley
25%
216SSawyer
25%
498MMaisie
25%
315AAmira
25%
398DDylan
24%
120LLeilani
24%
290NNyla
24%
412RRaven
24%
299AAmina
24%
466CCheyenne
24%
323LLyric
23%
338BBrinley
23%
210BBrynlee
23%
327RRaelyn
23%
349LLuciana
23%
407NNylah
23%
281JJuniper
23%
115RRaelynn
23%
488CCadence
23%
293ZZuri
22%
390WWinter
22%
262RRaegan
22%
473LLorelei
22%
248DDelaney
21%
443MMckinley
21%
432BBlair
21%
181SSloane
21%
331KKinley
21%
334MMaeve
21%
353PPhoenix
20%
250BBlakely
20%
377EEsmeralda
20%
352MMaci
19%
235CCatalina
19%
269AAspen
19%
456AAlondra
18%
436MMabel
18%
381AAmari
18%
177RRemi
17%
499MMalaysia
16%
409RRegina
16%
379MMiracle
16%
358MMargot
16%
294AAniyah
16%
418TTatum
16%
289DDaleyza
15%
324AAlessandra
15%
434YYaretzi
15%
313KKaia
15%
424AAnaya
15%
209EEmber
15%
429AAnnalise
15%
395DDemi
14%
480CCataleya
13%
448LLeighton
13%
276AAmiyah
12%
486LLiana
12%
397BBraelynn
12%
388OOakley
12%
408SSarai
12%
479AAylin
11%
256SSamara
10%
411NNayeli
10%
440SSelah
9%
455JJolene
9%
430OOctavia
9%
347AAlani
9%
484KKaylani
8%
389KKailani
8%
469WWren
8%
346KKehlani
8%
478CCarter
8%
402AAvianna
7%
394AAviana
7%
363SSaylor
7%
362RRemington
6%
493OOaklyn
5%
314MMagnolia
5%
492FFernanda
5%
371RRoyalty
5%
431LLennon
4%
461LLainey
4%
437ZZariah
2%
463JJazlyn
2%
468AAntonella
2%
444MMilani
2%
450AAitana
1%

Score Distribution

Percentile by Number Answered

Percent of People with Each Score

Your Score History

You have not taken this quiz